Návrh zmeny 11 predpisov IFRS

26.8.2009 publikovala IASB návrh zmien 11 predpisov IFRS. Rozsah navrhovaných zmien a ich praktický dopad.

Saved in:
Bibliographic Details
Main Author: Tumpach, Miloš, 1970-
Format: Book Chapter
Language:Slovak
Subjects:
Tags: Add Tag
No Tags, Be the first to tag this record!

MARC

LEADER 00000nla$a2200000$$$4500
001 0128593
005 20240502072455.2
041 0 |a slo 
044 |a SK 
245 1 0 |a Návrh zmeny 11 predpisov IFRS  |c Miloš Tumpach 
520 |a 26.8.2009 publikovala IASB návrh zmien 11 predpisov IFRS. Rozsah navrhovaných zmien a ich praktický dopad. 
610 2 0 |a štandardy účtovné medzinárodné 
610 2 0 |a novelizácia 
610 2 0 |a IFRS 
100 1 |a Tumpach, Miloš, 1970-